000 01153nam a2200289 a 4500
001 000111502
003 CHAP
005 20220329144214.0
008 150513s2015 mx sm |||||||spa d
010 _a107964
011 _a108936
040 _cCHAP
090 _aTesis
100 1 _aLeón Tolentino, Nuria
_9129375
245 1 0 _aActividad antifúngica de aceites esenciales de tagetes (tagetes foetidissima Hor. y t. terniflora H.B.K.) e hinojo (foeniculum vulgare (L.) Mill.) en fusarium spp.
_h[En línea]
_cpor Nuria León Tolentino.
260 _aChapingo, Méx. :
_bEl autor,
_c2015.
500 _aPara ver el contenido del material haga clic en la liga
502 _aTesis (Ing. Agr. Esp. en Parasitología Agrícola) -- UACH. Departamento de Parasitología Agrícola
590 _aE5765TAJ
_b05
_c20150513
_lUCH01
_h0937
590 _aE5765TAJ
_b05
_c20150513
_lUCH01
_h0938
650 1 4 _aAceites vegetales
_xEfecto en hongos fitopatógenos.
_9126729
650 1 4 _aTrigo
_xEnfermedades por hongos.
_9115018
856 _aFinding aid
_uhttp://10.13.5.2/tesis/sist111502.pdf
_zTeclea aquí
901 _aBK
942 _cTESIS
942 _n0
999 _c107964
_d107964